书目信息 |
| 题名: |
致富之道
|
|
| 作者: | 拿破仑.希尔 著 | |
| 分册: | ||
| 出版信息: | 北京 海南出版社 1999.01 |
|
| 页数: | 504页 | |
| 开本: | 32开 | |
| 丛书名: | ||
| 单 册: | ||
| 中图分类: | I222.8 , C963 | |
| 科图分类: | ||
| 主题词: | 人才学 | |
| 电子资源: | ||
| ISBN: | 7-80645-254-0 | |
| 000 | 00552nam0 2200205 45 | |
| 001 | 0011062064 | |
| 005 | 20001106200751.4 | |
| 010 | @a7-80645-254-0@d25.80元 | |
| 100 | @a20001106d1999 km y0chiy0120 ea | |
| 101 | 0 | @achi |
| 105 | @a z 000yy | |
| 200 | 1 | @a致富之道@AZhi Fu Zhi Dao@f拿破仑.希尔著@FNa Po Lun.Xi Er Zhu |
| 210 | @a北京@c海南出版社@d1999.01 | |
| 215 | @a504页@d32开 | |
| 606 | 0 | @a人才学 |
| 690 | @aI222.8@v3 | |
| 690 | @aC963@v4 | |
| 701 | 0 | @a拿破仑.希尔@4著 |
| 801 | @aCN@bPftUser@c20001106 | |
| 905 | @b210587-591@dC963@eN014@f5 | |
| 致富之道/拿破仑.希尔著.-北京:海南出版社,1999.01 |
| 504页;32开 |
| ISBN 7-80645-254-0:25.80元 |
| ● |
| 相关链接 |
|
|
|
正题名:致富之道
索取号:C963/N014
 
预约/预借
| 序号 | 登录号 | 条形码 | 馆藏地/架位号 | 状态 | 备注 |
| 1 | 210587 | 202105872 | 社科库509/509社科库 66排7列1层/ [索取号:C963/N014] | 在馆 | |
| 2 | 210588 | 202105881 | 社科库509/ [索取号:C963/N014] | 在馆 | |
| 3 | 210589 | 202105890 | 社科库509/ [索取号:C963/N014] | 在馆 | |
| 4 | 210590 | 202105907 | 社科库509/509社科库 66排7列1层/ [索取号:C963/N014] | 在馆 | |
| 5 | 210591 | 202105916 | 社科库509/ [索取号:C963/N014] | 在馆 |